<?xml version="1.0" encoding="UTF-8"?>
<record
    xmlns:xsi="http://www.w3.org/2001/XMLSchema-instance"
    xsi:schemaLocation="http://www.loc.gov/MARC21/slim http://www.loc.gov/standards/marcxml/schema/MARC21slim.xsd"
    xmlns="http://www.loc.gov/MARC21/slim">

  <leader>00720cam a22002412i 4500</leader>
  <controlfield tag="001">CIP113018095</controlfield>
  <controlfield tag="003">YEEZEN</controlfield>
  <controlfield tag="005">20250113153712.0</controlfield>
  <controlfield tag="008">241119s2024    ch     e      000 0 chi d</controlfield>
  <datafield tag="020" ind1=" " ind2=" ">
    <subfield code="a">9789579972673</subfield>
    <subfield code="q">(&#x5E73;&#x88DD;) :</subfield>
    <subfield code="c">NT$350</subfield>
  </datafield>
  <datafield tag="040" ind1=" " ind2=" ">
    <subfield code="a">CIP</subfield>
    <subfield code="b">chi</subfield>
    <subfield code="c">CIP</subfield>
  </datafield>
  <datafield tag="042" ind1=" " ind2=" ">
    <subfield code="a">nbic</subfield>
  </datafield>
  <datafield tag="084" ind1=" " ind2=" ">
    <subfield code="a">410.1619</subfield>
    <subfield code="2">ncsclt</subfield>
  </datafield>
  <datafield tag="090" ind1=" " ind2=" ">
    <subfield code="a">410.1619</subfield>
  </datafield>
  <datafield tag="245" ind1="1" ind2="0">
    <subfield code="a">&#x91AB;&#x75C5;&#x96D9;&#x8D0F;  &#x7B2C;&#x4E09;&#x8F2F;</subfield>
    <subfield code="b">: &#x91AB;&#x5B78;&#x502B;&#x7406;&#x66A8;&#x75C5;&#x4EBA;&#x5B89;&#x5168;&#x8AD6;&#x58C7;. &#x7B2C;&#x4E09;&#x8F2F;= Issue on medical ethics &amp; patient safety. vol.3.</subfield>
  </datafield>
  <datafield tag="260" ind1=" " ind2=" ">
    <subfield code="a">&#x81FA;&#x4E2D;&#x5E02; :</subfield>
    <subfield code="b">&#x6F84;&#x6E05;&#x57FA;&#x91D1;&#x6703;, </subfield>
    <subfield code="c">2024.12</subfield>
  </datafield>
  <datafield tag="300" ind1=" " ind2=" ">
    <subfield code="a">&#x9762; ;</subfield>
    <subfield code="c">&#x516C;&#x5206;</subfield>
  </datafield>
  <datafield tag="650" ind1=" " ind2="7">
    <subfield code="2">lcstt</subfield>
    <subfield code="a">&#x91AB;&#x5B78;&#x502B;&#x7406;</subfield>
  </datafield>
  <datafield tag="650" ind1=" " ind2="7">
    <subfield code="2">lcstt</subfield>
    <subfield code="a">&#x91AB;&#x75C5;&#x95DC;&#x4FC2;</subfield>
  </datafield>
  <datafield tag="650" ind1=" " ind2="7">
    <subfield code="2">lcstt</subfield>
    <subfield code="a">&#x75C5;&#x4EBA;</subfield>
  </datafield>
  <datafield tag="650" ind1=" " ind2="7">
    <subfield code="2">lcstt</subfield>
    <subfield code="a">&#x6587;&#x96C6;</subfield>
  </datafield>
  <datafield tag="942" ind1=" " ind2=" ">
    <subfield code="2">ccl</subfield>
    <subfield code="c">BOOK</subfield>
  </datafield>
  <datafield tag="999" ind1=" " ind2=" ">
    <subfield code="c">7633</subfield>
    <subfield code="d">7633</subfield>
  </datafield>
  <datafield tag="952" ind1=" " ind2=" ">
    <subfield code="0">0</subfield>
    <subfield code="1">0</subfield>
    <subfield code="2">ccl</subfield>
    <subfield code="4">0</subfield>
    <subfield code="7">0</subfield>
    <subfield code="a">yeezen</subfield>
    <subfield code="b">yeezen</subfield>
    <subfield code="c">YEEZEN</subfield>
    <subfield code="d">2025-01-13</subfield>
    <subfield code="l">1</subfield>
    <subfield code="o">410.1619</subfield>
    <subfield code="p">C03217</subfield>
    <subfield code="r">2025-04-29 00:00:00</subfield>
    <subfield code="s">2025-04-15</subfield>
    <subfield code="w">2025-01-13</subfield>
    <subfield code="y">BOOK</subfield>
    <subfield code="z">&#x91AB;&#x5B78;&#x502B;&#x7406;&#x66A8;&#x75C5;&#x4EBA;&#x5B89;&#x5168;&#x8AD6;&#x58C7; &#x91AB;&#x5B78;&#x502B;&#x7406;,&#x5728;&#x65BC;&#x89E3;&#x9664;&#x91AB;&#x5B78;&#x79D1;&#x6280;&#x8207;&#x4EBA;&#x6027;&#x7684;&#x885D;&#x64CA;&#x3002; &#x75C5;&#x4EBA;&#x5B89;&#x5168;,&#x8B93;&#x75C5;&#x60A3;&#x5F97;&#x5230;&#x5B89;&#x5168;&#x53C8;&#x5B89;&#x5FC3;&#x7684;&#x7642;&#x8B77;&#x3002; &#x91AB;&#x7642;&#x662F;&#x4E00;&#x7A2E;&#x4F7F;&#x547D;,&#x502B;&#x7406;&#x8207;&#x5B89;&#x5168;&#x662F;&#x5FC5;&#x5099;&#x7684;&#x96D9;&#x7FFC;&#x3002; &#x672C;&#x66F8;&#x96C6;&#x7D50;&#x4E0D;&#x540C;&#x7684;&#x5C08;&#x5BB6;,&#x5F9E;&#x91AB;&#x7642;&#x3001;&#x8B77;&#x7406;&#x3001;&#x91AB;&#x4E8B;&#x3001;&#x7BA1;&#x7406;&#x7684;&#x89D2;&#x5EA6;, &#x672C;&#x66F8;&#x505A;&#x5EE3;&#x6CDB;&#x7684;&#x63A2;&#x8A0E;,&#x4E26;&#x6DF1;&#x5165;&#x63A2;&#x7A76;&#x75C5;&#x4EBA;&#x7684;&#x5167;&#x5FC3;&#x3002;</subfield>
  </datafield>
</record>
